[Event "World Cup"]
[Site "Skelleftea"]
[Date "1989.08.??"]
[Round "2"]
[White "Karpov, Anatoly"]
[Black "Kasparov, Garry"]
[Result "1/2-1/2"]
[WhiteElo "2755"]
[BlackElo "2775"]
[Annotator "Bulletin"]
[PlyCount "84"]
[EventDate "1989.08.??"]
[EventType "tourn"]
[EventRounds "15"]
[EventCountry "SWE"]
[EventCategory "16"]
[SourceTitle "CBM 014"]
[Source "ChessBase"]
[SourceDate "1990.02.01"]
[SourceVersion "1"]
[SourceVersionDate "1990.02.01"]
[SourceQuality "1"]

1. d4 Nf6 2. c4 g6 3. Nc3 Bg7 4. e4 d6 5. Nf3 O-O 6. Be2 e5 7. O-O Nc6 8. d5
Ne7 9. Nd2 a5 10. a3 Nd7 11. Rb1 f5 12. b4 Kh8 (12... b6 13. f3 f4 14. Na4 axb4
15. axb4 g5 16. c5 {Kasparov,G-Smirin,I/URS-55ch/1988/ -> CBM9}) 13. f3 (13.
Qc2 Ng8 $5 (13... b6 14. Nb3 axb4 15. axb4 fxe4 16. Nxe4 Nf6 17. Bd3 $14 {
Gavrikov,V-Kasparov,G/URS-55ch/1988/ -> CBM 9}) 14. Bb2 $6 Ngf6 15. Rbe1 f4 16.
c5 $5 {Salov,V-Short,N/Skeleftea WCup/1989/0-1/ (+-) -> CBM 14}) 13... Ng8 {
'!' Bulletin.} (13... f4 14. Na4 (14. c5 axb4 15. axb4 dxc5 16. bxc5 Nxc5 17.
Nc4 b6 18. Ba3 Ba6 19. Bxc5 {remis; Huzman-Temirbaev/URS-OT 56 Uzhgorod/ -> TD}
) (14. Nb5 b6 15. c5 bxc5 16. bxc5 Nxc5 17. a4 {Vladimirov,E-Temirbaev/
Alma-Ata/1989/1-0/}) 14... axb4 15. axb4 c6 16. Bb2 {Polugaevsky,L-Hellers,F/
Biel/1989/1-0/ -> CBM14} (16. c5 {Salov,V-Nunn,J/Rotterdam WCup/1/2-1/2/ ->
CBM13})) 14. Nb3 axb4 15. axb4 Ndf6 {'!' Bulletin. Bulletin: 'N'} (15... b6 16.
c5 bxc5 17. bxc5 Ndf6 18. Qc2 $6 Nh5 $1 19. g3 Nhf6 20. Bd2 fxe4 $1 21. fxe4
Bh3 22. Rf3 Ng4 $17 {Schussler,H-Mortenen,E/Espoo zt/1989/0-1/ -> CBM14}) 16.
Bd2 Nh5 17. g3 Nhf6 18. Rf2 Nh6 19. Ra1 Rxa1 20. Qxa1 Nf7 21. Qc1 f4 22. g4 (
22. gxf4 $6 exf4 23. Bxf4 Nh5 24. Be3 g5 $44) 22... h5 23. h3 Nh7 24. Be1 Bf6
25. Kg2 Kg7 26. Rf1 Nhg5 27. Rh1 Nxh3 {'!' Bulletin.} 28. Rxh3 Ng5 29. Rh2 (29.
Rh1 $2 hxg4 30. fxg4 f3+ $1 31. Bxf3 Nxf3 32. Qh6+ Kf7 33. Kxf3 Rh8 $1 {
(29.Rh2 -> 34.Qd2)}) 29... hxg4 30. fxg4 Rh8 31. Bh4 f3+ 32. Bxf3 Nxf3 33.
Bxf6+ Qxf6 34. Rxh8 Kxh8 35. Kg3 g5 {'?' Bulletin. Bulletin: '>< g5'} (35...
Kg7 $5 36. Qe3 (36. Ne2 Qh4+ 37. Kxf3 Bxg4+ 38. Ke3 Qh3+ $19) 36... Nd4 37. g5
$1 {Kasparov} (37. Ne2 Nxe2+ (37... Nc2 38. Qd2 Bxg4 $1 39. Kxg4 Qf2 40. Qxc2
Qg2+ 41. Kh4 Kh6 $19 {Salov}) 38. Qxe2 Qf4+ 39. Kh3 Kh6 40. Nd2 b6 $19 {
Kasparov}) 37... Qf4+ 38. Qxf4 exf4+ 39. Kxf4 Nxb3 40. Nb5 $10) (35... Kg8 $1
36. Qe3 Nd4 37. g5 (37. Nd2 $1 Nc2 38. Qf3 Qxf3+ 39. Nxf3 Nxb4 40. Nb5 Na6 $15)
37... Qh8 $1 $19) 36. Ne2 Kg7 37. Qh1 Nd4 {'?' Bulletin.} (37... Nh4 $5 38. Nd2
Ng6 39. Nf3 Nf4 40. Nc1 Qg6 41. Ne1 Qe8 42. b5 Qd7 43. Qf3 Ng6 {/\ 44...Nh4})
38. Nbxd4 exd4 39. Qd1 Qe5+ 40. Kf3 Qf6+ 41. Kg3 Qe5+ 42. Kf3 Qf6+ 1/2-1/2

[Event "World Cup"]
[Site "Skelleftea"]
[Date "1989.08.??"]
[Round "5"]
[White "Salov, Valery"]
[Black "Short, Nigel D"]
[Result "0-1"]
[WhiteElo "2645"]
[BlackElo "2660"]
[Annotator "Bulletin"]
[PlyCount "84"]
[EventDate "1989.08.??"]
[EventType "tourn"]
[EventRounds "15"]
[EventCountry "SWE"]
[EventCategory "16"]
[SourceTitle "CBM 014"]
[Source "ChessBase"]
[SourceDate "1990.02.01"]
[SourceVersion "1"]
[SourceVersionDate "1990.02.01"]
[SourceQuality "1"]

1. d4 Nf6 2. c4 g6 3. Nc3 Bg7 4. e4 d6 5. Nf3 O-O 6. Be2 e5 7. O-O Nc6 8. d5
Ne7 9. Nd2 a5 10. a3 Nd7 11. Rb1 f5 12. b4 Kh8 {Bulletin: '-> Kommentar
Karpov-Kasparov/Skeleftea WCup/'} 13. Qc2 {Bulletin: '13.f3'} Ng8 {'!'
Bulletin.} 14. Bb2 {'!?' Bulletin.} Ngf6 15. Rbc1 f4 16. c5 dxc5 17. bxc5 Nxc5
18. Nb5 Nfd7 19. Nf3 b6 20. a4 Ba6 21. Ba3 Bf6 22. Rcd1 g5 23. h3 Rg8 24. Nh2
Bg7 25. Bc4 Bf8 26. d6 Bxb5 27. dxc7 Qxc7 28. Bxb5 Nf6 29. Bb2 g4 30. hxg4 Bd6
31. f3 {'?' Bulletin.} (31. Rxd6 $1 $18) 31... Rac8 32. Qe2 Ne6 33. Rc1 Bc5+
34. Kh1 Rg6 35. Qc4 Qd6 36. Rfd1 Nd4 37. Bxd4 exd4 38. Rxd4 Qe7 39. Qc3 Qg7 40.
Rdd1 Rh6 41. Rd4 Rxh2+ 42. Kxh2 Qh6+ 0-1

[Event "Tilburg"]
[Site "Tilburg"]
[Date "1991.??.??"]
[Round "7"]
[White "Karpov, Anatoly"]
[Black "Kasparov, Garry"]
[Result "1/2-1/2"]
[WhiteElo "2730"]
[BlackElo "2770"]
[Annotator "Wahls,M"]
[PlyCount "228"]
[EventDate "1991.10.??"]
[EventType "tourn"]
[EventRounds "14"]
[EventCountry "NED"]
[EventCategory "17"]
[SourceTitle "CBM 026"]
[Source "ChessBase"]
[SourceDate "1992.02.01"]
[SourceVersion "1"]
[SourceVersionDate "1992.02.01"]
[SourceQuality "1"]

1. d4 Nf6 2. c4 g6 3. Nc3 Bg7 4. e4 d6 5. Nf3 O-O 6. Be2 e5 7. O-O Nc6 8. d5
Ne7 9. Nd2 a5 10. Rb1 Nd7 11. a3 f5 12. b4 Kh8 13. f3 Ng8 14. Qc2 Ngf6 15. Nb5
axb4 16. axb4 Nh5 17. g3 Ndf6 18. c5 Bd7 (18... fxe4 19. fxe4 Bh3 20. Rf2 Ng4
$13) 19. Rb3 Nxg3 {Eine Neuerung des Weltmeisters} 20. hxg3 Nh5 21. f4 $1 (21.
Kg2 $2 Nxg3 $1 22. Kxg3 f4+ 23. Kf2 Qh4+ 24. Kg1 Bh3 $19) 21... exf4 (21...
Bxb5 $5 22. Bxb5 exf4 23. gxf4 Nxf4 24. Nf3 (24. Rxf4 $2 Qg5+ $1) 24... fxe4
25. Qxe4 Qc8 $1 $13) 22. c6 $13 {/ +/=} bxc6 23. dxc6 Nxg3 24. Rxg3 fxg3 25.
cxd7 g2 26. Rf3 Qxd7 27. Bb2 fxe4 28. Rxf8+ Rxf8 29. Bxg7+ Qxg7 30. Qxe4 Qf6
31. Nf3 Qf4 32. Qe7 Rf7 33. Qe6 Rf6 34. Qe8+ Rf8 35. Qe7 Rf7 36. Qe6 Rf6 37.
Qb3 g5 38. Nxc7 g4 39. Nd5 Qc1+ 40. Qd1 Qxd1+ 41. Bxd1 Rf5 42. Ne3 Rf4 43. Ne1
Rxb4 44. Bxg4 h5 45. Bf3 d5 46. N3xg2 h4 47. Nd3 Ra4 48. Ngf4 Kg7 49. Kg2 Kf6
50. Bxd5 Ra5 51. Bc6 Ra6 52. Bb7 Ra3 53. Be4 Ra4 54. Bd5 Ra5 55. Bc6 Ra6 56.
Bf3 Kg5 57. Bb7 Ra1 58. Bc8 Ra4 59. Kf3 Rc4 60. Bd7 Kf6 61. Kg4 Rd4 62. Bc6 Rd8
63. Kxh4 Rg8 64. Be4 Rg1 65. Nh5+ Ke6 66. Ng3 Kf6 67. Kg4 Ra1 68. Bd5 Ra5 69.
Bf3 Ra1 70. Kf4 Ke6 71. Nc5+ Kd6 72. Nge4+ Ke7 73. Ke5 Rf1 74. Bg4 Rg1 75. Be6
Re1 76. Bc8 Rc1 77. Kd4 Rd1+ 78. Nd3 Kf7 79. Ke3 Ra1 80. Kf4 Ke7 81. Nb4 Rc1
82. Nd5+ Kf7 83. Bd7 Rf1+ 84. Ke5 Ra1 85. Ng5+ Kg6 86. Nf3 Kg7 87. Bg4 Kg6 88.
Nf4+ Kg7 89. Nd4 Re1+ 90. Kf5 Rc1 91. Be2 Re1 92. Bh5 Ra1 93. Nfe6+ Kh6 94. Be8
Ra8 95. Bc6 Ra1 96. Kf6 Kh7 97. Ng5+ Kh8 98. Nde6 Ra6 99. Be8 Ra8 100. Bh5 Ra1
101. Bg6 Rf1+ 102. Ke7 Ra1 103. Nf7+ Kg8 104. Nh6+ Kh8 105. Nf5 Ra7+ 106. Kf6
Ra1 107. Ne3 Re1 108. Nd5 Rg1 109. Bf5 Rf1 110. Ndf4 Ra1 111. Ng6+ Kg8 112.
Ne7+ Kh8 113. Ng5 Ra6+ 114. Kf7 Rf6+ 1/2-1/2

[Event "Vienna"]
[Site "Vienna"]
[Date "1991.??.??"]
[Round "6"]
[White "Epishin, Vladimir"]
[Black "Nunn, John DM"]
[Result "1-0"]
[WhiteElo "2615"]
[BlackElo "2610"]
[Annotator "Wahls,M"]
[PlyCount "83"]
[EventDate "1991.10.??"]
[EventType "tourn"]
[EventRounds "9"]
[EventCountry "AUT"]
[EventCategory "12"]
[SourceTitle "CBM 026"]
[Source "ChessBase"]
[SourceDate "1992.02.01"]
[SourceVersion "1"]
[SourceVersionDate "1992.02.01"]
[SourceQuality "1"]

1. d4 Nf6 2. c4 g6 3. Nc3 Bg7 4. e4 d6 5. Nf3 O-O 6. Be2 e5 7. O-O Nc6 8. d5
Ne7 9. Nd2 a5 10. Rb1 c6 11. a3 b5 12. dxc6 b4 13. axb4 axb4 14. Nb5 $1 {neu} (
14. Nd5 $2 {ECO} Nxc6 15. Nxf6+ Bxf6 16. Nf3 Bg4 $10) 14... Nxc6 15. Nb3 $1 Be6
16. Qd3 Ne8 17. Be3 f5 18. f3 $16 {>< d6} fxe4 19. fxe4 Rxf1+ 20. Rxf1 Qd7 21.
h3 Bf8 22. Bg4 $1 Bxg4 23. hxg4 Qe6 24. Nd2 Rc8 25. Qd5 Nd8 26. b3 Be7 27. Bb6
Nf6 28. Rxf6 $1 Bxf6 29. Nxd6 Rb8 30. Bc7 Qxd5 31. exd5 Ra8 32. N6e4 Be7 33. c5
Nf7 34. c6 Rc8 35. Bb6 Nd6 36. Nxd6 Bxd6 37. Ne4 Bf8 38. Kf2 Kf7 39. Ke2 Ke8
40. Kd3 Be7 41. Kc4 Rb8 42. c7 1-0

[Event "Belgrade Investbank"]
[Site "Belgrade"]
[Date "1991.??.??"]
[Round "?"]
[White "Gurevich, Mikhail"]
[Black "Gelfand, Boris"]
[Result "0-1"]
[WhiteElo "2630"]
[BlackElo "2665"]
[Annotator "Gurevich,M"]
[PlyCount "120"]
[EventDate "1991.11.??"]
[EventType "tourn"]
[EventRounds "11"]
[EventCountry "YUG"]
[EventCategory "15"]
[SourceTitle "CBM 027"]
[Source "ChessBase"]
[SourceDate "1992.04.01"]
[SourceVersion "1"]
[SourceVersionDate "1992.04.01"]
[SourceQuality "1"]

1. d4 {Kortschnoj} Nf6 2. c4 g6 3. Nc3 Bg7 4. e4 d6 5. Nf3 O-O 6. Be2 e5 7. O-O
Nc6 8. d5 Ne7 9. b4 Nh5 10. c5 h6 $5 (10... Nf4 11. Bxf4 exf4 12. Rc1 h6 13.
Nd4 Kh8 14. a4 Ng8 15. a5 Nf6 16. Re1 h5 17. Qd2 Kh7 18. a6 $1 Bh6 19. axb7
Bxb7 20. Bf3 Ng4 21. cxd6 cxd6 22. Nc6 Qf6 {[Beliavsky,A-Gelfand,B Trophee
Immopar Paris 1991]} 23. e5 $1 Nxe5 (23... dxe5 24. Ne4 Qh4 25. h3 $16) 24.
Nxe5 dxe5 25. Ne4 Qb6 26. Nc5 $16) 11. Nd2 (11. a4 $5 {Kortschnoj}) 11... Nf4
12. Nc4 Nxe2+ $5 {TN} (12... f5 13. f3 g5 14. cxd6 cxd6 15. Nb5 Rf6 16. Be3 b6
17. Rc1 Ba6 18. a4 Bxb5 19. axb5 Qd7 $13 {[Law,A-Nielsen,PH Gausdal Arnold Cup
1991]}) 13. Qxe2 f5 14. f3 f4 15. a4 $5 {[/\Ba3,b4-b5-b6]} (15. Ba3 g5 16. b5
Rf6 17. b6 axb6 18. cxb6 Rxa3 $5 19. Nxa3 Rg6 $132 {[/\g5-g4]}) (15. Qf2 {
Kortschnoj /\ b4-b5-b6}) 15... g5 16. Ba3 Rf6 17. b5 Ng6 {[#]} 18. b6 $1 (18.
a5 $5 {Kortschnoj} Bf8 19. b6 dxc5 20. bxc7 Qxc7 21. d6 $44) 18... axb6 (18...
cxb6 19. Nxd6 $1 bxc5 20. Nxc8 Rxc8 21. Rfb1 $36) 19. cxd6 cxd6 20. Qb2 $2 (20.
Nb5 Bf8 21. Qf2 $1 Ra6 (21... g4 22. Qxb6 $16) 22. Rfc1 g4 23. Ncxd6 $16) (20.
Rab1 $5 {Kortschnoj} Rb8 21. Nb5 Bf8 22. Rbc1 $1 {/\ Ncxd6}) 20... Ra6 21. Nb5
g4 $1 $132 22. Ncxd6 (22. fxg4 {Kortschnoj} Bxg4 (22... Bf8 23. h3 $13) 23.
Bxd6 $14) 22... gxf3 23. Nxc8 (23. gxf3 {Kortschnoj} Bh3 $17) (23. Rxf3 {
Kortschnoj} Bg4 24. Rc3 f3 $36) 23... Qxc8 (23... fxg2 $5 {Kortschnoj} 24. Rfc1
f3 {/\ ...Nf4}) 24. Qc3 $6 (24. gxf3 Nh4 25. Kh1 Rg6 $40 (25... Rg6 {Kortschnoj
} 26. Rf2 Qh3 {/\ Rg3 /\ Ra4})) (24. Rxf3 $5 Nh4 (24... Rxa4 $5 $132) 25. Rh3
f3 (25... Qg4 26. Qf2 $16) 26. Rxh4 f2+ 27. Kf1 Qc4+ 28. Qe2 $18) 24... Qxc3
25. Nxc3 fxg2 $13 26. Kxg2 Bf8 27. Bxf8 Nxf8 28. Kf3 Ra8 29. Rfc1 $1 {[/
\Nc3-d1-f2-g4]} Rg6 (29... Nd7 {Kortschnoj} 30. Nb5 Nc5 31. Rc4 $15) 30. Nd1 (
30. Nb5 {Kortschnoj} Nh7 {/\ ...Nh7}) 30... Nh7 31. Nf2 Ng5+ 32. Kg4 $5 (32.
Ke2 Nf7 33. Rg1 Rxg1 34. Rxg1+ Kf8 35. Rb1 $10) 32... Rg7 (32... Nxe4+ $2 {
Kortschnoj} 33. Kf5 $16) (32... Nf7+ $6 {Kortschnoj} 33. Kf5 Rg5+ 34. Kf6 {
/\ Rg1}) 33. Kh5 (33. Kf5 $6 Rf7+ 34. Kxe5 $2 Nf3+ 35. Kd6 Rd8+ 36. Ke6 Re8+
37. Kd6 Ne5 $19) 33... Nf3 34. h4 Nd4 {[/\35...Nb3;/\Nd4-e2-g3->]} 35. Rg1 (35.
Ng4 $2 {Kortschnoj} Nb3 $17) 35... Ne2 36. Rxg7+ Kxg7 37. Rb1 Ng3+ 38. Kg4 h5+
39. Kg5 (39. Kf3 Rxa4 40. Rxb6 Ra3+ 41. Kg2 Ra2 42. Rxb7+ Kf6 43. Kf3 $10)
39... Rg8 40. Rxb6 $4 $138 (40. a5 Kf7+ 41. Kh6 Rg6+ 42. Kh7 Rg7+ 43. Kh6 Rg6+
$10) 40... Kh7+ 41. Kf6 Rg6+ 42. Kxe5 (42. Ke7 Rxb6 43. d6 Ne2 44. d7 Nd4 $19)
42... Rxb6 43. d6 Rb2 44. Nd3 (44. d7 Rd2 45. Ke6 Ne2 (45... Kg7 $1 46. e5 (46.
Ke7 Nxe4 $1 47. Nxe4 (47. Nh3 f3 48. d8=Q Rxd8 49. Kxd8 Kf6 50. Kc7 Kf5 51.
Kxb7 Kg4 $19) 47... Re2 $19) 46... Kf8 $19) 46. e5 (46. Ke7 {Kortschnoj} Nd4
$19) 46... Kg7 (46... Nd4+ 47. Kf7 Nc6 48. e6 Rxf2 $2 49. e7 $18) 47. Ke7 Nd4
$19) 44... Rd2 45. Nxf4 Nxe4 $1 46. Kxe4 Rxd6 47. Nxh5 Ra6 48. a5 Kh6 49. Nf4
Rxa5 $19 {[/\Ra5-b5-b1]} 50. Ne6 Kh5 51. Kd4 Kxh4 52. Kc4 Ra1 53. Nc5 Rb1 54.
Ne4 Kg4 55. Nd2 Rd1 56. Ne4 Kf4 57. Nc5 Rb1 58. Kd4 Kf5 59. Kd5 Kf6 60. Kd6
Rb6+ 0-1

[Event "Linares 10th"]
[Site "Linares"]
[Date "1992.??.??"]
[Round "3"]
[White "Ivanchuk, Vassily"]
[Black "Kasparov, Garry"]
[Result "1/2-1/2"]
[WhiteElo "2720"]
[BlackElo "2780"]
[Annotator "Knaak,R"]
[PlyCount "81"]
[EventDate "1992.02.??"]
[EventType "tourn"]
[EventRounds "13"]
[EventCountry "ESP"]
[EventCategory "17"]
[SourceTitle "CBM 028"]
[Source "ChessBase"]
[SourceDate "1992.06.01"]
[SourceVersion "1"]
[SourceVersionDate "1992.06.01"]
[SourceQuality "1"]

1. d4 Nf6 2. c4 g6 3. Nc3 Bg7 4. e4 d6 5. Nf3 O-O 6. Be2 e5 7. O-O Nc6 8. d5
Ne7 9. Nd2 a5 10. a3 Nd7 11. Rb1 f5 12. b4 Kh8 13. f3 Ng8 14. Qc2 Ngf6 (14...
Bh6 15. Nb5 axb4 16. axb4 Ndf6 17. c5 fxe4 18. Nxe4 Nxd5 19. cxd6 c6 20. Qc5
Bd7 $2 (20... Bxc1 $1 21. Rfxc1 Bd7 22. Nc7 b6) 21. Bxh6 Nxh6 22. Nc7 b6 23.
Qc1 $1 {Ivanchuk,V-Gelfand,B/Linares (04)/1992/1-0/33/  -> CBM 28}) 15. Bd3 $1
{N} f4 $8 16. Nb5 $14 b6 17. c5 {Konsequent!} dxc5 18. bxa5 Rxa5 19. Nc4 Ra8
20. a4 (20. d6 $5 c6 (20... Ne8 $5) 21. Nc7 Rb8 22. Ne6 Qe8 23. Nxf8 Bxf8 $13)
20... Ne8 21. a5 Ba6 22. Bd2 Bxb5 $1 23. Rxb5 Nd6 24. Rb2 Qe7 25. Nxd6 Qxd6 26.
Bb5 (26. axb6 $5 cxb6 (26... Nxb6 27. Rc1 Nd7 28. Bb5 $14) 27. Bb5 Rab8 28.
Rfb1 Rf7 29. Be1 Bf6 30. Bf2 Bd8 31. Bxd7 Qxd7 32. Qc3 Qe8 $13) 26... bxa5 $1
27. Bc6 (27. Bxd7 Qxd7 28. Qxc5 a4 29. Ra1 Rfb8 30. Rba2 $13) 27... Rab8 28.
Ra2 Rf7 $10 29. Rxa5 Bf8 30. Bc1 g5 31. Bb2 Qf6 32. Bxd7 Rxd7 33. Rfa1 Bd6 34.
Ba3 g4 35. Bxc5 Rg8 36. Ra8 Rdg7 37. Kh1 Qg6 38. Bxd6 cxd6 39. Rc8 gxf3 40.
Rxg8+ Rxg8 41. gxf3 1/2-1/2

[Event "Barcelona"]
[Site "Barcelona"]
[Date "1992.05.??"]
[Round "3"]
[White "Sokolov, Ivan"]
[Black "Akopian, Vladimir Eduardovic"]
[Result "1-0"]
[WhiteElo "2630"]
[BlackElo "2605"]
[Annotator "Kortschnoj,V"]
[PlyCount "97"]
[EventDate "1992.05.??"]
[EventType "tourn"]
[EventRounds "11"]
[EventCountry "ESP"]
[EventCategory "13"]
[SourceTitle "CBM 030"]
[Source "ChessBase"]
[SourceDate "1992.10.01"]
[SourceVersion "1"]
[SourceVersionDate "1992.10.01"]
[SourceQuality "1"]

1. d4 Nf6 2. c4 g6 3. Nc3 Bg7 4. e4 d6 5. Nf3 O-O 6. Be2 e5 7. O-O Nc6 8. Be3
Ng4 9. Bg5 f6 10. Bc1 Nh6 $6 (10... exd4 11. Nxd4 Nxd4 12. Qxd4 f5 $10) 11. d5
Ne7 12. b4 a5 {In general,the move a7-a5 in such positions hardly helps black
to solve his problems.The theory gives 12...Sf7 as the best.} 13. bxa5 c5 14.
Qb3 Rxa5 15. Ne1 f5 16. f3 Kh8 17. Na4 Ra6 18. Rb1 Bd7 19. Nc3 Bc8 20. Nd3 Neg8
{More cautious was 20...Sf7 or 20...f4} 21. f4 $1 exf4 22. Nxf4 fxe4 23. Nxe4
Nf5 24. Qh3 Ngh6 25. Ne6 Bxe6 26. dxe6 Rxa2 27. Bg5 Qe8 {27...Dc8 was better.
The main threat e6-e7 would not work then immediately: 28. e7 Se7 29.Le7 Dh3
30.gh Te8 and black recaptures a piece.} 28. e7 Rxe2 {Or 28...Tf7 29.Ld3,
threatening with g2-g4,or Lh6 Lh6 Tf5 gf Sd6.} 29. Nxd6 $3 {This Zwischenzug
wins the game.} Nxd6 30. exf8=Q+ Bxf8 31. Bxh6 Bxh6 32. Qxh6 Nf5 33. Qg5 h6 34.
Qf4 Re7 35. Qf2 Qc6 36. Rbe1 Rd7 37. g4 Ng7 38. Qf6 Qxf6 39. Rxf6 $18 Kh7 40.
Re5 h5 41. g5 Rc7 42. Rf8 Rd7 43. Rb8 Rc7 44. Rd8 Rf7 45. Red5 Ne6 46. R8d6 Nf4
47. Rd7 Nh3+ 48. Kg2 Nf4+ 49. Kf3 1-0

[Event "Bundesliga 9293"]
[Site "Germany"]
[Date "1993.??.??"]
[Round "?.1"]
[White "Gurevich, Mikhail"]
[Black "Dolmatov, Sergey"]
[Result "1-0"]
[WhiteElo "2610"]
[BlackElo "2615"]
[Annotator "Gurevich,M"]
[PlyCount "107"]
[EventDate "1992.10.24"]
[EventType "team-tourn"]
[EventRounds "15"]
[EventCountry "GER"]
[SourceTitle "CBM 038"]
[Source "ChessBase"]
[SourceDate "1994.02.01"]
[SourceVersion "1"]
[SourceVersionDate "1994.02.01"]
[SourceQuality "1"]
[WhiteTeam "Koblenz"]
[BlackTeam "Dortmund"]
[WhiteTeamCountry "GER"]
[BlackTeamCountry "GER"]

1. d4 Nf6 2. c4 g6 3. Nc3 Bg7 4. e4 d6 5. Nf3 O-O 6. Be2 e5 7. O-O Nc6 8. d5
Ne7 9. Nd2 a5 10. a3 Nd7 11. Rb1 f5 12. b4 Kh8 13. f3 Ng8 14. Qc2 Ngf6 15. Bd3
f4 16. Nb5 Ne8 $5 {[TN ;16...b6-55/645,646]} 17. Be2 $5 (17. c5 dxc5 18. bxc5
c6 19. dxc6 bxc6 20. Nd6 Nxc5 $13) 17... b6 (17... g5 $6 18. c5 dxc5 19. bxc5
c6 20. dxc6 bxc6 21. Nd6 $16) 18. c5 $5 bxc5 19. bxc5 Nxc5 20. a4 $5 h5 21. Ba3
Na6 22. Rfc1 Bd7 23. Nc3 $1 {[/\24.Bb5,25.Bxd7; ><>< c6,c7,b7]} g5 24. Bb5 g4
25. Bxd7 Qxd7 26. Nb5 gxf3 27. Nxf3 (27. gxf3 $6 Qh3 28. Kh1 Nf6 29. Rg1 Ng4 $5
$132) 27... Bf6 28. Qc6 Qxc6 $6 (28... Qg4 $5 29. Qxa8 Rg8 30. Ne1 f3 31. Rc2
Bh4 $132) (28... Qc8 $5 {/\29...Rg8,30.Qg4<=>>>]}) 29. dxc6 $1 {[/\ Nb5-c3-d5,
Rb1-b5|^<<]} Ng7 (29... Bd8 $2 30. Nxe5 $16) 30. Nc3 Ne6 31. Nd5 Rf7 32. Rb5
Nac5 33. Bxc5 (33. Nxf6 Rxf6 34. Nxe5 Nd4 $1 $132) 33... Nxc5 (33... dxc5 {
(/\34...Nd4)} 34. Kf1 $5 Ra6 35. Nd2 $14) 34. Nxf6 Rxf6 35. Nxe5 $1 $14 Rg8 (
35... Re8 36. Nd7 $16) (35... Re6 36. Nd7 Nxd7 37. cxd7 c5 38. Rcb1 $18) 36.
Nf3 Re6 37. Rc4 Rgg6 $2 (37... Nxe4 38. Rxh5+ Kg7 39. Rxa5 $16) (37... Rge8 $5
38. e5 Nd3 39. Ng5 $1 (39. exd6 $4 Re1+ 40. Nxe1 Rxe1#) 39... Rg6 (39... Nxe5
40. Nxe6 Nxc4 41. Nxc7 Rc8 42. Rxh5+ $16) 40. e6 Nc5 41. h4 $14) 38. Rxa5 Nxe4
39. Rxh5+ Kg8 40. Rf5 Re8 41. a5 $1 $18 (41. Rxf4 d5 42. Rc2 Ra8 $16) 41... Nc5
42. Rcxf4 Rb8 (42... Re2 $2 43. Rf8+ Kg7 44. R4f7+ Kh6 45. Rh8#) 43. h3 Nd3 44.
Re4 Nb4 (44... Rb1+ 45. Kh2 Nf2 46. Re8+ Kg7 47. Ng5 $18) 45. Re7 Rg7 46. Rxg7+
Kxg7 47. Nd4 Kg6 48. Rb5 Nxc6 49. Rxb8 (49. a6 $1 $18) 49... Nxb8 50. Kf2 Kf6 (
50... c5 51. Nb5 d5 52. Nc7 d4 53. a6 $18) 51. h4 d5 52. g4 c5 53. g5+ Ke5 54.
h5 $1 1-0

[Event "Hoogovens op"]
[Site "Wijk aan Zee"]
[Date "1993.01.??"]
[Round "8"]
[White "Gurevich, Mikhail"]
[Black "Shirov, Alexei"]
[Result "1/2-1/2"]
[WhiteElo "2610"]
[BlackElo "2670"]
[Annotator "Gurevich,M"]
[PlyCount "107"]
[EventDate "1993.01.??"]
[EventType "swiss"]
[EventRounds "12"]
[EventCountry "NED"]
[SourceTitle "CBM 034"]
[Source "ChessBase"]
[SourceDate "1993.06.01"]
[SourceVersion "1"]
[SourceVersionDate "1993.06.01"]
[SourceQuality "1"]

1. d4 Nf6 2. c4 g6 3. Nc3 Bg7 4. e4 d6 5. Nf3 O-O 6. Be2 e5 7. O-O Nc6 8. d5
Ne7 9. Nd2 Nd7 10. b4 f5 11. c5 Nf6 12. f3 f4 13. Nc4 g5 14. a4 Ng6 15. cxd6 $5
(15. Ba3) 15... cxd6 16. Nb5 $5 Ne8 17. Bd2 {/\ Bd2-e1-f2|^} Rf7 18. Be1 Bd7 $5
(18... a6 19. Nc3 Bd7 20. Bf2 $16 {/\ 21.Nb6}) 19. Bf2 Bxb5 20. axb5 b6 21. Qd3
Rc8 (21... h5 $2 22. Nd2 Nf6 23. Rfc1 g4 24. Be1 $1 $16 {/\ 25.Rc6}) 22. Rfc1
Rfc7 23. Qd1 Nf6 24. Nd2 Rxc1 25. Rxc1 Rxc1 26. Qxc1 $14 Ne7 27. Qc2 h5 28. Kf1
$1 {/\ Kf1-a4, Nd2-b3-a5|^} Qd7 29. Ke1 Kf7 30. Kd1 g4 31. Nc4 $6 (31. Kc1 $142
Qc8 32. Nc4 $14 (32. Qxc8 Nxc8 $10)) 31... Ng6 32. Qc3 $6 h4 $5 33. h3 $1 gxh3
(33... g3 $5 34. Bg1 Ne7 35. Kc2 Nc8 $14) 34. gxh3 Ke7 35. Bf1 (35. Na5 $5 bxa5
36. bxa5 Qxh3 37. Bxa7 $36) 35... Qxb5 36. Qa3 Qd7 37. Qa6 {/\ 38.Na3, 39.Nb5->
} Nh7 $1 {/\ 38...Ng5<=>} 38. Na3 Ng5 39. Nb5 Nxf3 40. Nxa7 Ng5 41. Nc8+ Kf6
42. Nxb6 Qc7 43. Nc4 $5 Nxe4 44. Be1 $1 {/\ 45.Bd3+-} f3 $1 $8 (44... Bf8 45.
Bd3 Ng5 46. Bxg6 Kxg6 47. Nxe5+ $16) 45. Qa3 (45. Bd3 $2 f2 $19) 45... Ng3 (
45... Ng5 46. b5 Bf8 47. b6 $18) 46. Qxf3+ Nf4 47. Bxg3 hxg3 48. Qxg3 Qa7 $1 (
48... Nxd5 49. Nd2 $1 $16 {/\ 50.Bc4, 51.Ne4->} Nc3+ $2 50. Qxc3 Qxc3 51. Ne4+
$18) 49. Qh4+ Kf7 $1 $10 (49... Kg6 $2 50. Bd3+ Nxd3 51. Qg3+ Kf6 52. Qxd3 Qa4+
53. Ke2 Qxb4 54. Nd2 $14) 50. Nxd6+ Kg8 51. Qd8+ Kh7 52. Qh4+ Kg8 (52... Bh6 $2
53. Bd3+ Nxd3 54. Qe4+ Kh8 55. Qxd3 $18) 53. Qd8+ Kh7 54. Qh4+ 1/2-1/2